| 000 | 00981cab a2200301 4500 | ||
|---|---|---|---|
| 001 | ABS57660 | ||
| 008 | 090401t1997 xxu||||| |||| 00| 0 eng d | ||
| 035 | _a(Sirsi) u81137 | ||
| 041 | _aeng | ||
| 100 | _aHutton, R. | ||
| 245 | _aUnder extenuating circumstances | ||
| 260 | _c1997 | ||
| 350 | _a0 | ||
| 490 |
_aPlanning (for the Natural and Built Environment) _v(1236) 19 September 1997, 12(1) |
||
| 520 | _aDiscusses the scope for varying interpretations of the test in PPG2 to overcome the presumption against inappropriate development in the green belt. | ||
| 650 | _aEXTENSIONS | ||
| 650 | _aGREEN BELT | ||
| 650 | _aINAPPROPRIATE DEVELOPMENT | ||
| 650 | _aPLANNING APPEALS | ||
| 650 | _aPLANNING PERMISSION | ||
| 650 | _aPLANNING POLICY GUIDANCE NOTE 2 (GREEN BELTS) | ||
| 650 | _aPRESUMPTION AGAINST DEVELOPMENT | ||
| 650 | _aREFUSAL | ||
| 650 | _aSPECIAL CIRCUMSTANCES | ||
| 690 | _aPLANNING LAW AND PRACTICE | ||
| 942 | _n0 | ||
| 948 | _c30/09/1997 | ||
| 999 |
_c51127 _d51127 |
||